Israel and Palestine (Record no. 193508)
[ view plain ]
| 000 -LEADER | |
|---|---|
| fixed length control field | 00253nam a2200097Ia 4500 |
| 082 ## - DEWEY DECIMAL CLASSIFICATION NUMBER | |
| Classification number | J 956.94 MASO |
| 008 - FIXED-LENGTH DATA ELEMENTS--GENERAL INFORMATION | |
| fixed length control field | 210817s9999 xx 000 0 und d |
| 100 ## - MAIN ENTRY--PERSONAL NAME | |
| Personal name | MASON, Paul Tarrytown, 2009 |
| 9 (RLIN) | 61449 |
| 245 #0 - TITLE STATEMENT | |
| Title | Israel and Palestine |
| 942 ## - ADDED ENTRY ELEMENTS | |
| item type | Books |
| Withdrawn status | Lost status | Damaged status | Not for loan | Home library | Current library | Date acquired | Cost, normal purchase price | Total Checkouts | Barcode | Date last seen | Price effective from | item type |
|---|---|---|---|---|---|---|---|---|---|---|---|---|
| Kinross | Kinross | 18.08.2021 | 212.00 | 33228022556292 | 18.08.2021 | 18.08.2021 | Books |